000 01227nam0a22002771 4500
001 rc\388443
005 20260407071339.0
010 _a5-343-00105-X
_92130
035 _a(NLR Aleph) 005638488
090 _a6643276
_c6643276
100 _a20030616d1989 |||y0rusy50 ca
101 0 _arus
102 _aRU
105 _aa |||||||||
200 1 _aКлубневые гнили картофеля
_f[Н.А. Дорожкин, С.И. Бельская, И.В. Викторчик и др.]
_gАН БССР, Ин-т эксперим. ботаники им. В.Ф. Купревича
210 _aМинск
_cНаука и техника
_d1989
215 _a134, [1] с., [8] л. ил.
_d20
300 _aАвт. указаны на обороте тит. л.
320 _aБиблиогр.: с. 124-133 (277 назв.)
701 1 _7ca
_8rus
_aДорожкин
_bН. А.
_f1905-1993
_gНиколай Афанасьевич
_92650363
_3RU\NLR\AUTH\770278396
712 0 2 _aИнститут экспериментальной ботаники им. В. Ф. Купревича
_cМинск
_9391058
_3RU\NLR\AUTH\889947720
801 0 _aRU
_bNLR
_gpsbo
801 1 _aRU
_bELAR
_2rusmarc
852 _aNLR
_j89-3/1749
942 _cBOOK
980 _aNB